| 000 | 00707nam a2200265 a 4500 | ||
|---|---|---|---|
| 001 | 41827 | ||
| 003 | AR-BaAGN | ||
| 005 | 20231116145454.0 | ||
| 007 | ta | ||
| 008 | 220625s1986 ag |||||r|||| ||||||spa d | ||
| 020 | _a950-02-6293-2 | ||
| 040 |
_dAR-BaAGN _aAR-BaAGN _bspa _eaacr |
||
| 100 | 1 | _aPrebisch, Raúl | |
| 245 | 1 | 0 |
_aLa crisis del desarrollo argentino : _bde la frustación al crecimiento vigoroso |
| 250 | _a2ª ed. | ||
| 260 |
_aBuenos Aires : _bEl Ateneo, _c1986. |
||
| 300 | _a195 páginas | ||
| 336 |
_2rdacontent _btxt |
||
| 337 |
_2rdamedia _bn |
||
| 338 |
_2rdacarrier _bnc |
||
| 651 | 4 |
_aArgentina _93645 |
|
| 942 | _cLIBRO | ||
| 999 |
_c41827 _d41827 |
||